000 00377nam a2200157Ia 4500
008 230312s9999||||xx |||||||||||||| ||und||
020 _a0-07-292454
082 _a526.982
_bWOL-E
100 _aWolf Paul R.
245 0 _aElements of Photogrmmetry
260 _bMcGraw Hill
_aNew York
_c2000
300 _a608
546 _aEng.
650 _aEngineering
_vPhysics
942 _cBK
999 _c1764
_d1764